Historia del clima desde el big bang a las catástrofes climáticas
Saved in:
| Hovedforfatter: | |
|---|---|
| Format: | Bog |
| Sprog: | spansk |
| Udgivet: |
Buenos Aires
El Ateneo
2005
|
| Udgivelse: | 1a. ed |
| Fag: | |
| Tags: |
Tilføj Tag
Ingen Tags, Vær først til at tagge denne postø!
|
MARC
| LEADER | 00000nam a2200000 a 4500 | ||
|---|---|---|---|
| 001 | UCK7928 | ||
| 003 | CL-VaPUC | ||
| 008 | 051230e20050000AG |||||||||||||||||spa|d | ||
| 020 | |a 950023078X | ||
| 082 | 0 | 4 | |a 551.6 |b ACO |2 21 |
| 100 | 0 | |a Acot, Pascal |e author |9 497633 | |
| 245 | 1 | 0 | |a Historia del clima desde el big bang a las catástrofes climáticas |
| 250 | |a 1a. ed | ||
| 300 | |a 268 p | ||
| 942 | |c BK | ||
| 945 | |d 20051230 00:00:00 |a jtorresc | ||
| 260 | |a Buenos Aires |b El Ateneo |c 2005 | ||
| 650 | 0 | |a Clima |9 265281 | |
| 650 | 0 | |a Geología |9 260984 | |
| 650 | 0 | |a Geofísica |9 261453 | |
| 650 | 0 | |a Medio ambiente |9 257625 | |
| 650 | 7 | |a FENOMENOS NATURALES |2 CL-VaPUC |9 343098 | |
| 650 | 0 | |a Climatología |9 262302 | |
| 583 | |a last modification |c 20051230 00:00:00 |k Rodrigo Vera | ||
| 999 | |c 315762 |d 315760 | ||
| 952 | |0 0 |1 0 |4 0 |6 551_600000000000000_ACO_2005 |7 0 |8 A |9 389453 |a BIBCUR |b BIBCUR |d 2019-11-22 |i 4194225 |l 1 |o 551.6 ACO 2005 |p 4194225 |r 2025-04-22 |s 2024-09-10 |w 2019-11-22 |y BK |k FIS | ||
| 952 | |0 0 |1 0 |2 ddc |4 0 |6 551_600000000000000_ACO_2005 |7 0 |8 A |9 389454 |a BIBING |b BIBING |c RES |d 2019-11-22 |i 4362624 |o 551.6 ACO 2005 |p 4362624 |r 2025-01-20 |w 2019-11-22 |y BK |k GEO | ||